| 000 | 00620nam a2200169 i 4500 | ||
|---|---|---|---|
| 001 | 114831 | ||
| 003 | ES-MaACL | ||
| 005 | 20230906190248.0 | ||
| 007 | t| | ||
| 008 | 070403s1935 fr ||||1| fre d | ||
| 245 | 0 | 0 |
_aRôle et formation du bibliothécaire _b: étude comparative sur la formation professionalle du bibliothécaire. |
| 260 |
_aParis : _bSociété des Nations, Institut International de Coopération Intellectuale, _c1935. |
||
| 300 |
_a384 p. ; _c23 cm. |
||
| 500 | _aPrecede al tit.: Dossiers de la Cooperation Intellectuale. | ||
| 710 | 2 |
_aSociedad de Naciones. _96682 |
|
| 852 |
_aES-MaACL _jA-3810 |
||
| 999 |
_c114831 _d114831 |
||